| 000 | 01130nac a22003011i 4500 | ||
|---|---|---|---|
| 003 | EG-ScBUE | ||
| 005 | 20230226034005.0 | ||
| 008 | 090125t1988 pau b f b 000 0 eng d | ||
| 020 | _a0876330707 (pbk.) : | ||
| 020 | _a081227959X (University of Pa. Press : hard) : | ||
| 040 |
_aEG-ScBUE _beng _erda _cEG-ScBUE _dEG-ScBUE |
||
| 082 | 0 | 4 |
_a746.75074014811 _bELL _222 |
| 100 | 1 |
_aEllis, Charles Grant, _d1908-1996, _eauthor. |
|
| 245 | 1 | 0 |
_aOriental carpets in the Philadelphia Museum of Art / _cCharles Grant Ellis. |
| 264 | 1 |
_aPhiladelphia, Pa. : _bThe Herbert Press, Philadelphia Museum of Art, _c[1988] |
|
| 264 | 4 | _cc1988 | |
| 300 |
_axxiv, 304 pages : _billustrations (some color), color maps ; _c31 cm |
||
| 336 |
_2rdacontent _atext _btxt |
||
| 337 |
_2rdamedia _aunmediated _bn |
||
| 338 |
_2rdacarrier _avolume _bnc |
||
| 504 | _aIncludes bibliographical references. | ||
| 610 | 2 | 7 |
_aPhiladelphia Museum of Art _xCatalogs. _2BUEsh _936709 |
| 650 | 7 |
_aRugs, Oriental _xCatalogs. _2BUEsh |
|
| 650 | 7 |
_aRugs _zPennsylvania _zPhiladelphia _xCatalogs. _2BUEsh |
|
| 653 | _bENGARC | ||
| 655 | _vReading book | ||
| 942 |
_cNB _2ddc |
||
| 999 |
_c6359 _d6359 |
||